000 00377nam a2200145Ia 4500
008 231129s2000||||xx |||||||||||||| ||spa||
020 _a84-322-1064-1
040 _bspa
082 _aA863 G215i
100 _aGarcés Gonzalo
245 0 _aLos impacientes
260 _c2000
264 _aBogotá Colombia : Planeta
942 _2ddc
_cBKS
999 _c19749
_d19749